Missing Word: 'L' Movies Quiz Stats

 Plays Quiz Updated Mar 14, 2018

Challenge
Share
Tweet
Embed
Score 0/18 Timer 03:00
6 Plays Today
Hint Answer % Correct
________ of the Rings (2001)Lord
99%
________ Who's Talking (1989)Look
98.1%
________ Free or Die Hard (2007)Live
98.1%
________ Actually (2003)Love
97.2%
The ________, the Witch, and the Wardrobe (2005)Lion
96.9%
________ Blonde (2001)Legally
96.9%
________, Liar (1997)Liar
95.8%
________ and Stitch (2002)Lilo
95.5%
________ it to Beaver (1997)Leave
93.4%
Hint Answer % Correct
The ________ of the Mohicans (1992)Last
93%
The ________ Rascals (1994)Little
92.7%
The ________ Yard (1974) (2005)Longest
87.3%
The ________ of Zorro (2005)Legend
83.4%
________ to Kill (1989)Licence
77%
________ to Juliet (2010)Letters
73.2%
________ Year (2010)Leap
66.6%
________ of Attraction (2004)Laws
57.6%
________ in the Water (2006)Lady
33.6%

Today's Daily Dose

You're not logged in!

Compare scores with friends on all Sporcle quizzes.
OR
Log In

You Might Also Like...

Show Comments

Extras

Top Quizzes Today


Score Distribution

Your Account Isn't Verified!

In order to create a playlist on Sporcle, you need to verify the email address you used during registration. Go to your Sporcle Settings to finish the process.

Report this User

Report this user for behavior that violates our Community Guidelines.

Details: